Osteuropäische Fußballer, die im Champions League Finale standen - Statistiken

Allgemein
  • Dieses Quiz wurde 185 mal gespielt
    38 seit der letzten Aktualisierung
  • Das Durchschnittsergebnis liegt bei 21 aus 51
Antwortstatistiken
Anz. Saison Nationalität Spieler % Korrekt
6 13/14 (S), 15/16 (S),16/17 (S), 17/18 (S), 21/22 (S), 23/24 (S) Kroatien Luka Modrić
100%
2 12/13 (N), 19/20 (S) Polen Robert Lewandowski
97%
2 02/03 (S), 04/05 (N) Ukraine Andriy Shevchenko
86%
2 12/13 (S), 16/17 (N) Kroatien Mario Mandžukić
86%
1 22/23 (N) Bosnien-Herz. Edin Dzeko
83%
2 01/02 (N), 08/09 (N) Bulgarien Dimitar Berbatov
79%
1 19/20 (S) Kroatien Ivan Perišić
76%
2 07/08 (N), 11/12 (S) Tschechien Petr Čech
76%
1 97/98 (S) Kroatien Davor Šuker
72%
2 22/23 (N), 24/25 (N) Armenien Henrikh Mkhitaryan
69%
2 09/10 (N), 11/12 (N) Kroatien Ivica Olic
69%
1 24/25 (S) Georgien Khvicha Kvaratskhelia
69%
1 14/15 (S) Kroatien Ivan Rakitić
66%
1 12/13 (N) Polen Lukasz Piszczek
66%
1 93/94 (N) Bulgarien Hristo Stoichkov
62%
1 12/13 (N) Polen Jakub Blaszczykowski
59%
1 15/16 (N) Slowenien Jan Oblak
59%
3 07/08 (S), 08/09 (N), 10/11 (N) Serbien Nemanja Vidić
59%
1 09/10 (S) Nordmazedonien Goran Pandev
55%
1 20/21 (S) Kroatien Mateo Kovačić
55%
1 22/23 (N) Kroatien Marcelo Brozovic
52%
1 09/10 (S) Serbien Dejan Stanković
48%
1 20/21 (N) Ukraine Oleksandr Zinchenko
48%
1 05/06 (N) Belarus Aliaksandr Hleb
45%
1 17/18 (N) Kroatien Dejan Lovren
45%
1 16/17 (N) Bosnien-Herz. Miralem Pjanic
45%
2 98/99 (N), 00/01 (S) Bosnien-Herz. Hasan Salihamidžić
41%
1 04/05 (S) Tschechien Milan Baroš
41%
1 11/12 (N) Ukraine Anatoliy Tymoshchuk
38%
1 12/13 (N) Serbien Neven Subotic
38%
1 09/10 (S) Rumänien Cristian Chivu
34%
1 04/05 (S) Polen Jerzy Dudek
34%
1 15/16 (N) Montenegro Stefan Savic
34%
2 02/03 (S), 06/07 (S) Georgien Kacha Kaladse
31%
1 04/05 (S) Tschechien Vladimír Šmicer
28%
1 24/25 (N) Albanien Kristjan Asllani
24%
1 06/07 (S) Tschechien Marek Jankulovski
21%
1 03/04 (N) Kroatien Dado Prso
17%
2 92/93 (S), 96/97 (N) Kroatien Alen Bokšić
14%
1 97/98 (S) Montenegro Predrag Mijatović
7%
1 01/02 (N) Kroatien Boris Zivkovic
3%
1 03/04 (S) Russland Dimitri Alenitschew
3%
1 02/03 (N) Kroatien Igor Tudor
3%
1 24/25 (N) Polen Nicola Zarewski
3%
2 93/94 (S), 94/95 (N) Kroatien Zvonimir Boban
3%
1 99/00 Rumänien Adrian Ilie
0%
1 93/94 (S) Montenegro Dejan Savićević
0%
1 01/02 (N) Kroatien Marko Babic
0%
2 99/00 (N), 00/01 (N) Serbien/Jugosl. Miroslav Djukic
0%
2 95/96 (S), 96/97 (N) Serbien Vladimir Jugović
0%
1 00/01 (N) Slowenien Zlatko Zahovic
0%
Keine übereinstimmenden Quizze gefunden
Verteilung der Resultate
Anzahl Personen mit jedem Resultat
Perzentil nach korrekt beantworteten Fragen
Ihre Resultats-Entwicklung
Sie haben dieses Quiz seit der letzten Aktualisierung nicht gespielt